000 00437nam a2200181Ia 4500
001 16553
005 20260306170318.0
008 260306t2005||||xx |||||||||||||| ||und||
041 _aESP
082 _a348.61
_bR92
100 _aRueda-Catry, Marleen
_eAUT
245 0 _aBuenas prácticas de relaciones laborales en las Américas
260 _c2005
300 _a
_c
650 _aGEN
654 _aCDE
942 _cLIB
_dJUS
_fJUS
_2ddc
_n
999 _c16553
_d16553